000 00581cam a22002053a 4500
001 35434
003 PGUSA
005 20140828083749.0
008 110301s2011||||xxu|||||s|||||000 | eng d
040 _aPGUSA
_beng
042 _adc
100 1 _aDent, Clinton Thomas,
_d1850-1912
245 1 0 _aAbove the Snow Line
_h[electronic resource] /
_cClinton Thomas Dent
260 _bProject Gutenberg,
_c2011
506 _aPublic domain in the USA.
516 _aElectronic text
830 0 _aProject Gutenberg
_v35434
856 4 0 _uhttp://www.gutenberg.org/ebooks/35434
942 _cEB
999 _c264689
_d264689